00383nam a2200145Ia 4500100002100000942000700021654001600028245002800044260002000072082001500092300000800107546001200115999001700127952009300144 aStizaker/ David  cBK amathematics aElementary Probability bCambridgec1994 a519.2bSTI a373 aENGLISH c27862d27862 001040708CRCaCRCEbCRCEd2023-03-17l0o519.2 STIp11162r2023-03-17w2023-03-17yBK